Rome au siècle d'Auguste ou voyage d'un gaulois a Rome a l'époque du regne d'Auguste et pendant une partie du régne de Tibère (Record no. 48617)

MARC details
000 -LEADER
campo de control de longitud fija 00669nam a22001815i 4500
001 - NÚMERO DE CONTROL
campo de control 48617
003 - IDENTIFICADOR DE NÚMERO DE CONTROL
campo de control ES-MaACL
005 - FECHA Y HORA DE LA ÚLTIMA TRANSACCIÓN
campo de control 20230906161802.0
007 - CAMPO FIJO DE DESCRIPCIÓN FÍSICA--INFORMACIÓN GENERAL
campo de control de longitud fija t|
008 - DATOS DE LONGITUD FIJA--INFORMACIÓN GENERAL
campo de control de longitud fija 950727s1875 fr ab ||||1| fre d
040 ## - FUENTE DE CATALOGACIÓN
Centro catalogador/agencia de origen CAM
Lengua de catalogación spa
Centro/agencia transcriptor CAM
100 1# - ENTRADA PRINCIPAL--NOMBRE DE PERSONA
Nombre de persona Dezobry, Charles.
9 (RLIN) 44061
245 10 - MENCIÓN DEL TÍTULO
Título Rome au siècle d'Auguste ou voyage d'un gaulois a Rome a l'époque du regne d'Auguste et pendant une partie du régne de Tibère
Resto del título : accompagné d'une description de Rome sous Auguste et sous Tibère /
Mención de responsabilidad, etc. par Ch. Dezobry.
250 ## - MENCION DE EDICION
Mención de edición 4e éd. rev., augm...
260 ## - PUBLICACIÓN, DISTRIBUCIÓN, ETC.
Lugar de publicación, distribución, etc. Paris :
Nombre del editor, distribuidor, etc. Ch. Delagrave,
Fecha de publicación, distribución, etc. 1875 (
Fabricante J. Claye)
300 ## - DESCRIPCIÓN FÍSICA
Extensión 4 v. ;
Dimensiones 21 cm.
852 ## - LOCALIZACIÓN
Ubicación ES-MaACL
Número de control de estantería C-3317-20
Holdings
Estatus retirado Estado de pérdida Estado de daño No para préstamo Colección Biblioteca de origen Biblioteca actual Ubicación en estantería Fecha de adquisición Fuente de adquisición Total de préstamos Signatura topográfica completa Código de barras Visto por última vez Precio de reemplazo Tipo de ítem Koha
        Libros del s. XIX Biblioteca del Ateneo de Madrid Biblioteca del Ateneo de Madrid Sala Palomar 17/01/2008     C-3317-20 1051162 23/02/2023 23/02/2023 Libro impreso antiguo